| 000 | 02810cam a2200385 i 4500 | ||
|---|---|---|---|
| 001 | 13599087 | ||
| 003 | EG-ScBUE | ||
| 005 | 20260124103815.0 | ||
| 008 | 040518t2006 ii a f b 001 0 eng d | ||
| 020 | _a9788126521920 (alk. paper) | ||
| 035 | _a(DNLM)101217743 | ||
| 040 |
_aDNLM/DLC _beng _erda _cDLC _dDLC _dEG-ScBUE |
||
| 082 | 0 | 4 |
_a572.86330285 _222 _bBIO |
| 245 | 0 | 0 |
_aBioinformatics : _ba practical guide to the analysis of genes and proteins / _cedited by Andreas D. Baxevanis, B. F. Francis Ouellette. |
| 250 | _aThird edition | ||
| 264 | 1 |
_aNew Delhi : _bWiley, _c[2006] |
|
| 264 | 4 | _cc2006 | |
| 300 |
_axviii, 540 pages : _billustrations (chiefly color) ; _c29 cm |
||
| 336 |
_2rdacontent _atext _btxt |
||
| 337 |
_aunmediated _2rdamedia _bn |
||
| 338 |
_avolume _bnc _2rdacarrier |
||
| 504 | _aIncludes bibliographical references and index. | ||
| 505 | 0 | _aSequence databases / Rolf Apweiler -- Mapping databases / Tara Matise and Peter S. White -- Information retrieval from biological databases / Andreas D. Baxevanis -- Genomic databases / Tyra Wolfsberg -- Predictive methods using DNA sequences / Roderic Guig�o and Enrique Blanco -- Predictive methods using RNA sequences / Michael Zucker and David Mathews -- Sequence polymorphisms / James C. Mullikin and Stephen T. Sherry -- Predictive methods using protein sequences / Burkhard Rost and Yanay Ofran -- Protein structure prediction and analysis / David Wishart -- Intermolecular interactions and biological pathways / Gary D. Bader and Anton J. Enright -- Assessing pairwise sequence similarity: blast and fasta / Andreas D. Baxevanis -- Creation and analysis of protein multiple sequence alignments / Geoffrey J. Barton -- Sequence assembly and finishing methods / Gerard Bouffard, Nancy F. Hansen, and Pamela Jacques Thomas -- Phylogenetic analysis / Fiona S.L. Brinkman -- Computational approaches in comparative genomics / Andreas D. Baxevanis -- Microarray analysis / John Quackenbush -- Proteomics and protein identification / Michael Giddings, Mark R. Holmes, and Kevin Ramkissoon -- Using perl to facilitate biological analysis / Lincoln D. Stein. | |
| 650 | 0 |
_aBioinformatics. _912930 |
|
| 650 | 7 |
_aBase Sequence. _2BUEsh _912931 |
|
| 650 | 7 |
_aSequence Analysis _xmethods. _2BUEsh _912932 |
|
| 650 | 7 |
_aComputational Biology _xmethods. _2BUEsh _912933 |
|
| 655 | _vReading book | ||
| 700 | 1 |
_aBaxevanis, Andreas D., _eeditor. _912935 |
|
| 700 | 1 |
_aOuellette, B. F. Francis, _eeditor. _912936 |
|
| 856 | 4 | 1 |
_3Table of contents only _uhttp://www.loc.gov/catdir/toc/wiley041/2004011822.html |
| 856 | 4 | 2 |
_3Contributor biographical information _uhttp://www.loc.gov/catdir/enhancements/fy0616/2004011822-b.html |
| 856 | 4 | 2 |
_3Publisher description _uhttp://www.loc.gov/catdir/enhancements/fy0616/2004011822-d.html |
| 942 |
_2ddc _cBB |
||
| 999 |
_c13742 _d13742 |
||